Statistics for Countries by Cities #1

Click here to take the quiz!

General Stats

  • This quiz has been taken 22 times
  • The average score is 41 of 65

Answer Stats

CityCountry% Correct
SalzburgAustria
100%
SucreBolivia
95%
ShijiazhuangChina
95%
HeidelbergGermany
95%
TrondheimNorway
89%
AlicanteSpain
89%
GothenburgSweden
89%
LausanneSwitzerland
89%
OdessaUkraine
89%
SaskatoonCanada
84%
AarhusDenmark
84%
Aix-en-ProvenceFrance
84%
TriesteItaly
84%
TimbuktuMali
84%
MandalayMyanmar
84%
FaisalabadPakistan
84%
Mar Del PlataArgentina
79%
AntwerpBelgium
79%
ValparaisoChile
79%
GuayaquilEcuador
79%
AhmedabadIndia
79%
MosulIraq
79%
HaifaIsrael
79%
EindhovenNetherlands
79%
Sri Jayawardenepura KotteSri Lanka
79%
SouthamptonUnited Kingdom
79%
BakersfieldUnited States
79%
SamarkandUzbekistan
79%
MaracaiboVenezuela
79%
CartagenaColombia
74%
BrnoCzech Republic
74%
OaxacaMexico
74%
AlexandroupoliGreece
68%
DunedinNew Zealand
68%
Nha TrangVietnam
68%
RockhamptonAustralia
63%
AswanEgypt
63%
AgadirMorocco
63%
MaputoMozambique
63%
DodomaTanzania
63%
SfaxTunisia
63%
ChittagongBangladesh
58%
ColónPanama
53%
CheongjuSouth Korea
53%
CotonouBenin
47%
San Pedro SulaHonduras
47%
QomIran
47%
Davao CityPhilippines
47%
MariborSlovenia
47%
DoualaCameroon
42%
Ujung PandangIndonesia
42%
Mbuji-MayiDemocratic Republic of the Congo
37%
PietermaritzburgSouth Africa
32%
ShymkentKazakhstan
26%
SalalahOman
26%
HualienTaiwan
26%
Ta'izzYemen
26%
Campo GrandeBrazil
21%
AntsirabeMadagascar
21%
KuchingMalaysia
21%
MaiduguriNigeria
21%
SakakahSaudi Arabia
21%
Ras Al KhaimahUnited Arab Emirates
21%
PokharaNepal
16%
NadiFiji
11%

Score Distribution

Percentile by Number Answered

Percent of People with Each Score

Your Score History

You have not taken this quiz